Lascivia / (Registro nro. 29728)
[ vista simple ]
| 000 -CABECERA | |
|---|---|
| campo de control de longitud fija | 02076nam a2200253 4500 |
| 008 - CÓDIGOS DE INFORMACIÓN DE LONGITUD FIJA | |
| fixed length control field | 220805s2022 ck ||||er|||| 00| f spa d |
| 020 ## - NÚMERO INTERNACIONAL NORMALIZADO PARA LIBROS | |
| ISBN | 9789585155480 |
| 040 ## - Fuente de catalogación | |
| Agencia original de catalogación | CO-JMCR |
| Agencia de transcripción | CO-JMCR |
| 041 0# - CÓDIGO DE LENGUA | |
| Código idioma | spa |
| 082 04 - NÚMERO DE LA CLASIFICACIÓN DECIMAL DEWEY | |
| Número de clasificación Decimal | A-N |
| Número de documento (Cutter) | MUNl |
| 100 1# - PUNTO DE ACCESO PRINCIPAL-NOMBRE DE PERSONA | |
| Nombre personal | Muñoz, Eva, |
| Término de función/relación | autora |
| 9 (RLIN) | 42303 |
| 245 10 - TÍTULO PROPIAMENTE DICHO | |
| Título | Lascivia / |
| Mención de responsabilidad, etc. | Eva Muñoz |
| 250 ## - DECLARACIÓN DE EDICIÓN | |
| Declaración de edición | Primera edición. |
| 260 ## - PUBLICACIÓN, DISTRIBUCIÓN, ETC. (PIE DE IMPRENTA) | |
| Lugar de publicación, distribución, etc. | Bogotá : |
| Nombre del editor, distribuidor, etc. | Penguin Random House, |
| Fecha de publicación, distribución, etc. | 2022 |
| 300 ## - DESCRIPCIÓN FÍSICA | |
| Extensión | 428 páginas ; |
| Dimensiones | 22 cm. |
| 490 0# - DECLARACIÓN DE SERIE | |
| Volumen | 1 |
| 505 0# - NOTA DE CONTENIDO FORMATADO | |
| Nota de contenido formateada | Phoenix. -- Londres. -- La cena. -- El coronel. -- La misión. -- En la selva. -- Golpe contra la realidad. -- Confesiones. -- ¡Fiesta! -- Hawái. -- Hawái. -- Inesperado. -- El castigo. -- Cadin. -- Verdades y mentiras. -- Plan. -- Antoni Mascherano. -- El ring. -- Mil maneras de hacer el ridículo. -- Una visita inesperada. -- En las nubes. -- Besucón. -- Malo. -- Juego de palabras. -- Coronel y teniente. -- Un buen amigo. -- Bailemos. -- Norteamericana. -- Al descubierto. -- Barclays. -- Creación e impacto. -- Verdades amargas. -- El lago de los cisnes. -- El novio ejemplar. -- Mi primera vez. -- Malas jugadas. -- En cero. -- Tú y yo. --Efímeros. -- Bandera blanca. -- Alemana. -- La mujer del prójimo. |
| 520 0# - RESUMEN, ETC. | |
| Resumen,etc. | Tras las vacaciones, Rachel James debe volver a su puesto como teniente en el ejército de la FEMF y se encuentra con que la central de Londres no es la misma, ya que los cimientos de su vida perfecta tiemblan con la llegada de un nuevo coronel, soberbio y con una belleza inhumana, que ha tomado el comando.<br/>Christopher Morgan está al mando y cree tener todo claro, pero las tentaciones desencadenarán un torbellino de pasiones soltando el tipo de llama que hace arder a aquellos que se hacen llamar amantes. |
| 521 1# - TARGET AUDIENCE NOTE | |
| Target audience note | Novela para adultos |
| Source | Tapa posterior |
| 650 14 - TÉRMINO DE MATERIA | |
| Subdivisión cronológica | Siglo XXl |
| subdivision Geografica | Londres |
| 9 (RLIN) | 42304 |
| 650 24 - TÉRMINO DE MATERIA | |
| Subdivisión cronológica | Siglo XXl |
| subdivision Geografica | Londres |
| 9 (RLIN) | 42305 |
| 650 24 - TÉRMINO DE MATERIA | |
| Subdivisión cronológica | Siglo XXl |
| subdivision Geografica | Londres |
| 9 (RLIN) | 42306 |
| Withdrawn status | Lost status | Source of classification or shelving scheme | Damaged status | Not for loan | Home library | Current library | Shelving location | Date acquired | Source of acquisition | Total Checkouts | Total Renewals | Full call number | Barcode | Date last seen | Date last checked out | Copy number | Price effective from | Koha item type |
|---|---|---|---|---|---|---|---|---|---|---|---|---|---|---|---|---|---|---|
| Dewey Decimal Classification | Biblioteca Pública José María del Castillo y Rada | Biblioteca Pública José María del Castillo y Rada | Fiction | 08/05/2022 | Donación | 9 | 8 | A-N MUNl | 201811479 | 09/08/2025 | 08/06/2025 | Ej.1 | 08/05/2022 | Books |